000 01699cam a2200385 i 4500
001 18485484
005 20221216084442.0
008 150209s2016 nyu b 001 0 eng
010 _a 2014045153
020 _a9780415537483 (hbk)
020 _a9780415537490 (pbk)
020 _z9781136263651
_qebook
040 _aDLC
_beng
_cDLC
_erda
_dDLC
042 _apcc
050 0 0 _aHQ1381
_b.B46 2016
082 0 0 _a305.42,BEN
_223
100 1 _aBenería, Lourdes.
_9105025
245 1 0 _aGender, development, and globalization :
_beconomics as if all people mattered /
_cLourdes Benería, Günseli Berik, and Maria Floro.
264 1 _aNew York ;
_aLondon :
_bRoutledge, Taylor & Francis Group,
_c2016.
300 _axxvii, 319 pages ;
_c23 cm
336 _atext
_2rdacontent
337 _aunmediated
_2rdamedia
338 _avolume
_2rdacarrier
500 _aEarlier edition published in 2003.
505 _aGender and Development: A Historical Overview (Page-1), The Study of Women and Gender in Economics (Page-41), Markets, Globalization, and Gender (Page-93), Labor Markets under Globalization (Page-135), Paid and Unpaid Work: Meanings and Debates (Page-179), Development as if All People Mattered (Page-227).
650 0 _aFeminist economics.
_9105026
650 0 _aWomen in development.
_9105027
650 0 _aGlobalization.
650 0 _aEconomic development
_xSocial aspects.
_98915
700 1 _aBerik, Günseli.
_9105028
700 1 _aFloro, Maria.
_9105029
906 _a7
_bcbc
_corignew
_d1
_eecip
_f20
_gy-gencatlg
942 _2ddc
_cBK
_k305.42,BEN
999 _c592704
_d592704